000
00310cam a2200133ua 4500
999
_c
15422
_d
15422
020
_a
9788183331630
082
_a
005.133
_b
KAN/LE
100
_a
Kanetkar, Yashavant P .
_9
3113
245
_a
Let us C /
250
_a
5
260
_a
New Delhi :
_b
B P B Publishers ,
_c
2007.
300
_a
632 ; .
942
_c
BK